1276 1864 1950 1561 1317 1480 1604 1627 1229 1538 1576 1567 1053 1964 1671 1369 1888 1734 1898 1656 1478 1973 1750 1505 1486 1118 1329 1396 1436 1431 1976 1053 1033 1701 1081 1145 1492 1641 1716 1220 1188 1262 1024 1900 1018 1566 1130 1858 1405 1094 1915 1045 1356 1648 1832 1273 1207 1538 1194 1692 1768 1205 1877 1062 1622 1769 1397 1944 1501 1825 1460 1353 1633 1899 1329 1038 1848 1996 1307 1006 1215 1465 1589 1365 2000 1423 1287 1127 1668 1747 1617 1093 1029 1188 1147 1266 1970 1975 1140 BCNSPRNW ULIB Ver.6.0+V

เปลี่ยนเป็นภาษาไทย

Change to English
 แสดงรายละเอียดบรรณานุกรม
  กลับหน้าหลัก

Brief Record : Get Marc (ISO 2709) : E-mail record : QR code < ปิดหน้าต่าง
LEADER : 00000nam 2200000uu 4500
001    13399127499
003     ULIB
008    200617s2562||||th 000 0 tha d
020    ู^a9786160038206
050  0 ^aนว^bป448ถ
100    ^aปราปต์
245    ^aถ่านไฟเดียว
250    ^aพิมพ์ครั้งที่ 1
260    ^aกรุงเทพฯ :^bพิมพ์คำ,^c2562
300    ^a356 หน้า;^b21 ซม.
650    ^aนวนิยาย
945    ^p250^l0^i28405
999    ^aกัณชพร จุลอักษร
รายการนี้ยังไม่มีแท็ก
คุณยังไม่ได้ล็อกอิน คุณสามารถมีกิจกรรมร่วมกับเว็บไซต์ได้ แต่ต้องล็อกอินก่อน ::
  ล็อกอิน

รายการสื่อสารสนเทศ

ลำดับที่ ประเภท เลขเรียก/บาร์โค้ด สถานที่ สถานะ
1. นวนิยาย
นวนิยาย
นว ป448ถ ฉ.1 
  Barcode: 28405
ห้องสมุดวิทยาเขตนครสวรรค์
►หนังสือทั่วไป:l:General Books
บนชั้น

รายการใกล้เคียง
    ชื่อเรื่อง [ถ่านไฟเดียว]

    ผู้แต่ง [ปราปต์]

    หัวเรื่อง [นวนิยาย]

BibComment


ยังไม่เคยถูกคอมเมนท์

คอมเมนท์ทรัพยากรรายการนี้
  คอมเมนท์: ถ่านไฟเดียว


 Copyright 2026. Bcnsprnw @Library